Sाौकट (Record no. 323494)

MARC details
000 -LEADER
fixed length control field 00470nam a2200169Ia 4500
008 - FIXED-LENGTH DATA ELEMENTS--GENERAL INFORMATION
fixed length control field 090711s9999 xx 000 0 und d
082 ## - DEWEY DECIMAL CLASSIFICATION NUMBER
Item number 14
100 ## - MAIN ENTRY--PERSONAL NAME
Personal name डंके विनायक
245 ## - TITLE STATEMENT
Title Sाौकट
260 ## - PUBLICATION, DISTRIBUTION, ETC. (IMPRINT)
Name of publisher, distributor, etc राज पब्लिकेशन्स
Date of publication, distribution, etc 1997
300 ## - PHYSICAL DESCRIPTION
Extent 200
600 ## - SUBJECT ADDED ENTRY--PERSONAL NAME
Personal name डंके विनायक
630 ## - SUBJECT ADDED ENTRY--UNIFORM TITLE
Uniform title Sाौकट
700 ## - ADDED ENTRY--PERSONAL NAME
Personal name डंके विनायक
730 ## - ADDED ENTRY--UNIFORM TITLE
Uniform title Sाौकट
942 ## - ADDED ENTRY ELEMENTS (KOHA)
Koha item type Book

No items available.